[Event "Titled Tuesday intern op 26th Sep Early"]
[Site "Chess.com INT"]
[Date "2023.09.26"]
[Round "4"]
[White "Mahitosh, Dey"]
[Black "Stead, Kerry"]
[Result "1-0"]
[WhiteElo "2232"]
[BlackElo "1892"]
[PlyCount "127"]
[EventDate "2023.09.26"]
[EventType "swiss (blitz)"]
[EventRounds "11"]
[EventCountry "USA"]
[SourceTitle "EXT 2024"]
[Source "ChessBase"]
[SourceDate "2023.10.10"]
[SourceVersion "1"]
[SourceVersionDate "2023.10.10"]
[SourceQuality "1"]

1. e4 c6 2. Nf3 d5 3. exd5 cxd5 4. d4 Nc6 5. Bd3 Bg4 6. c3 e6 7. 0-0 Bd6 8. h3 Bxf3 9. Qxf3 Nge7 10. Nd2 Qc7 11. Re1 0-0 12. Nf1 Ng6 13. g3 Nce7 14. h4 Nc6 15. h5 Nge7 16. Qg4 Kh8 17. h6 g6 18. Bg5 f6 19. Bd2 Nf5 20. Rxe6 Nce7 21. Rae1 Rf7 22. Qh3 Ng8 23. Bxf5 gxf5 24. Qxf5 Bf8 25. Qxd5 Nxh6 26. Bxh6 Bxh6 27. Re8+ Rxe8 28. Rxe8+ Kg7 29. Ne3 Bxe3 30. Rxe3 Qd7 31. Qxd7 Rxd7 32. Re8 a6 33. f4 Kg6 34. Kf2 Kf5 35. Kf3 h5 36. Rh8 Kg6 37. g4 hxg4+ 38. Kxg4 f5+ 39. Kf3 Re7 40. d5 Kf6 41. d6 Rd7 42. Rh6+ Kg7 43. Re6 Kf7 44. Re7+ Rxe7 45. dxe7 Kxe7 46. Kg3 Kf6 47. Kh4 Kg6 48. c4 b6 49. b4 Kf6 50. a4 Ke6 51. Kg5 a5 52. bxa5 bxa5 53. c5 Kd5 54. Kxf5 Kxc5 55. Ke4 Kb4 56. Kd4 Kxa4 57. Kc4 Ka3 58. Kc3 Ka2 59. Kc2 a4 60. f5 Ka3 61. f6 Kb4 62. f7 a3 63. f8Q+ Ka4 64. Kc3 1-0

[Event "Titled Tuesday intern op 26th Sep Early"]
[Site "Chess.com INT"]
[Date "2023.09.26"]
[Round "7"]
[White "Mahitosh, Dey"]
[Black "Yelisieiev, Yevhenii"]
[Result "0-1"]
[WhiteElo "2232"]
[BlackElo "2411"]
[PlyCount "118"]
[EventDate "2023.09.26"]
[EventType "swiss (blitz)"]
[EventRounds "11"]
[EventCountry "USA"]
[SourceTitle "EXT 2024"]
[Source "ChessBase"]
[SourceDate "2023.10.10"]
[SourceVersion "1"]
[SourceVersionDate "2023.10.10"]
[SourceQuality "1"]

1. e4 d6 2. d4 Nf6 3. Nf3 e5 4. dxe5 dxe5 5. Qxd8+ Kxd8 6. Nxe5 Be6 7. Bd3 Na6 8. 0-0 Nc5 9. Rd1 Bd6 10. Bc4 Ke7 11. Bxe6 Kxe6 12. Nc4 Ncxe4 13. Nxd6 Nxd6 14. Nc3 Rad8 15. Bf4 Rhe8 16. Re1+ Kf5 17. Rxe8 Ndxe8 18. g3 c6 19. Re1 Rd7 20. Re5+ Kg6 21. Rg5+ Kh6 22. Na4 g6 23. Nc5 Rd1+ 24. Kg2 Kg7 25. Nxb7 Nd5 26. c4 f6 27. cxd5 fxg5 28. Be5+ Kf7 29. dxc6 Rc1 30. Na5 Rc5 31. Bc3 Ke6 32. Nb3 Rd5 33. Nd4+ Kd6 34. b4 a6 35. a4 Nc7 36. Kf3 Ne6 37. Nxe6 Kxe6 38. Ke4 Rf5 39. c7 Kd7 40. Be5 Rxf2 41. b5 axb5 42. axb5 Rxh2 43. b6 Kc8 44. Kd5 Rd2+ 45. Kc6 Rc2+ 46. Kb5 Kb7 47. Bf6 Rc6 48. Bxg5 Rxb6+ 49. Kc5 Rc6+ 50. Kd5 Rxc7 51. Ke5 Rf7 52. Bf4 Kc6 53. Ke6 Rf5 54. Bb8 h5 55. Bf4 Kb5 56. Bb8 Kc4 57. Be5 Kd3 58. Bc7 Ke4 59. Bb8 Kf3 0-1

[Event "Titled Tuesday intern op 19th Sep Late"]
[Site "Chess.com INT"]
[Date "2023.09.19"]
[Round "7"]
[White "Eugene, Floryan"]
[Black "Mahitosh, Dey"]
[Result "1-0"]
[WhiteElo "2426"]
[BlackElo "2232"]
[PlyCount "68"]
[EventDate "2023.09.19"]
[EventType "swiss (blitz)"]
[EventRounds "11"]
[EventCountry "USA"]
[SourceTitle "EXT 2024"]
[Source "ChessBase"]
[SourceDate "2023.10.10"]
[SourceVersion "1"]
[SourceVersionDate "2023.10.10"]
[SourceQuality "1"]

1. d4 d6 2. Bg5 Nf6 3. Nc3 g6 4. h4 Bg7 5. e4 h6 6. Bf4 0-0 7. Qd2 Kh7 8. 0-0-0 Nc6 9. d5 Ne5 10. Nf3 Nxf3 11. gxf3 e6 12. Bd3 Nh5 13. Be3 e5 14. Kb1 c5 15. dxc6 bxc6 16. Bc4 Be6 17. Bxe6 fxe6 18. Qxd6 Qe8 19. Qd7 Rxf3 20. Qxe8 Rxe8 21. Bxa7 Nf6 22. Rd3 Rf4 23. f3 Nh5 24. a4 Ng3 25. Rh3 Nh5 26. a5 Bf6 27. Bc5 Bxh4 28. Ne2 Be7 29. Nxf4 Nxf4 30. Rd7 Nxh3 31. Rxe7+ Rxe7 32. Bxe7 Ng1 33. a6 Nxf3 34. a7 Nd2+ 1-0

[Event "Titled Tuesday intern op 19th Sep Late"]
[Site "Chess.com INT"]
[Date "2023.09.19"]
[Round "10"]
[White "Jovic, Stanoje"]
[Black "Mahitosh, Dey"]
[Result "1-0"]
[WhiteElo "2075"]
[BlackElo "2232"]
[PlyCount "63"]
[EventDate "2023.09.19"]
[EventType "swiss (blitz)"]
[EventRounds "11"]
[EventCountry "USA"]
[SourceTitle "EXT 2024"]
[Source "ChessBase"]
[SourceDate "2023.10.10"]
[SourceVersion "1"]
[SourceVersionDate "2023.10.10"]
[SourceQuality "1"]

1. c4 d6 2. g3 Nf6 3. Bg2 g6 4. Nc3 Bg7 5. Nf3 0-0 6. 0-0 e5 7. d3 Nc6 8. Rb1 a5 9. a3 Be6 10. b4 axb4 11. axb4 Qd7 12. b5 Ne7 13. e4 Bh3 14. Nd5 Nfxd5 15. cxd5 Bxg2 16. Kxg2 f5 17. Ng5 Rf6 18. b6 c6 19. dxc6 Qxc6 20. Qb3+ d5 21. Ba3 Qd7 22. Bxe7 Qxe7 23. exd5 Rd6 24. Ne6 Qd7 25. Rfc1 Rc8 26. Rc7 Rxc7 27. bxc7 b6 28. Rc1 Qc8 29. Rc6 Rxc6 30. dxc6 Kh8 31. Qd5 h5 32. Qd7 1-0

[Event "Titled Tuesday intern op 19th Sep Late"]
[Site "Chess.com INT"]
[Date "2023.09.19"]
[Round "6"]
[White "Mahitosh, Dey"]
[Black "Dourerassou, Jonathan"]
[Result "0-1"]
[WhiteElo "2232"]
[BlackElo "2415"]
[PlyCount "114"]
[EventDate "2023.09.19"]
[EventType "swiss (blitz)"]
[EventRounds "11"]
[EventCountry "USA"]
[SourceTitle "EXT 2024"]
[Source "ChessBase"]
[SourceDate "2023.10.10"]
[SourceVersion "1"]
[SourceVersionDate "2023.10.10"]
[SourceQuality "1"]

1. e4 c5 2. Nf3 Nc6 3. d4 cxd4 4. Nxd4 Nf6 5. Nc3 e6 6. Nxc6 bxc6 7. e5 Nd5 8. Ne4 Bb7 9. c4 Nb4 10. a3 Qa5 11. Bd2 Qxe5 12. f3 f5 13. Bc3 Qf4 14. Bd2 Qc7 15. axb4 fxe4 16. fxe4 Qe5 17. Bd3 c5 18. Bc3 Qg5 19. 0-0 cxb4 20. Bd4 Bc5 21. Bxc5 Qxc5+ 22. Kh1 Rf8 23. Qg4 Qe5 24. Rxf8+ Kxf8 25. Rf1+ Kg8 26. Qf3 h6 27. b3 Bc6 28. h3 a5 29. Qf7+ Kh8 30. Qe7 Kh7 31. Rf2 a4 32. Qxb4 Rb8 33. Qe7 axb3 34. Qa3 Qd4 35. Rf3 b2 36. Qa2 Bxe4 37. Qb1 Bxd3 38. Rxd3 Qe4 39. c5 Kh8 40. Kh2 Qxd3 41. Qxd3 b1Q 42. Qxd7 Qb7 43. Qxe6 Qc7+ 44. g3 Qxc5 45. h4 Qc2+ 46. Kh3 Qc8 47. Qxc8+ Rxc8 48. Kg4 Rc5 49. h5 Kg8 50. Kh4 Kf7 51. g4 Kf6 52. g5+ Rxg5 53. Kh3 Rxh5+ 54. Kg4 Re5 55. Kf4 g5+ 56. Kg4 Re4+ 57. Kh5 Rh4# 0-1

[Event "Fagernes op-A"]
[Site "Fagernes"]
[Date "2023.04.09"]
[Round "9"]
[White "Oberoi, Shelev"]
[Black "Mahitosh, Dey"]
[Result "0-1"]
[WhiteElo "2226"]
[BlackElo "2154"]
[PlyCount "70"]
[EventDate "2023.04.02"]
[EventType "swiss"]
[EventRounds "9"]
[EventCountry "NOR"]
[SourceTitle "CBM 213 Extra"]
[Source "ChessBase"]
[SourceDate "2023.05.31"]
[SourceVersion "1"]
[SourceVersionDate "2023.05.31"]
[SourceQuality "1"]

1. e4 e5 2. Bc4 Nf6 3. d3 Nc6 4. Nc3 Bc5 5. Bg5 Be7 6. a4 d6 7. Bxf6 Bxf6 8. Nd5 Be6 9. c3 Ne7 10. Nxf6+ gxf6 11. Bxe6 fxe6 12. Qb3 Qd7 13. Qxb7 0-0 14. Qb3 Rab8 15. Qc2 f5 16. Ne2 Kh8 17. 0-0 Rf6 18. f4 exf4 19. Nxf4 e5 20. Nd5 Nxd5 21. exd5 Rg8 22. Kh1 Qf7 23. c4 Qh5 24. Rf3 f4 25. Qf2 Rfg6 26. Rg1 a5 27. d4 h6 28. dxe5 dxe5 29. c5 R8g7 30. Rc3 e4 31. Qxf4 Rxg2 32. Rf1 Qxd5 33. Qxh6+ Kg8 34. Rh3 Rg1+ 35. Rxg1 e3+ 0-1

[Event "Fagernes op-A"]
[Site "Fagernes"]
[Date "2023.04.06"]
[Round "6"]
[White "Mahitosh, Dey"]
[Black "Von Mettenheim, Johannes"]
[Result "0-1"]
[WhiteElo "2154"]
[BlackElo "2317"]
[PlyCount "116"]
[EventDate "2023.04.02"]
[EventType "swiss"]
[EventRounds "9"]
[EventCountry "NOR"]
[SourceTitle "CBM 213 Extra"]
[Source "ChessBase"]
[SourceDate "2023.05.31"]
[SourceVersion "1"]
[SourceVersionDate "2023.05.31"]
[SourceQuality "1"]

1. d4 d5 2. Nf3 Nf6 3. g3 c6 4. Bg2 Bf5 5. 0-0 e6 6. c4 Nbd7 7. Nc3 dxc4 8. Nh4 Bg4 9. h3 Bh5 10. g4 Nd5 11. Ne4 h6 12. Ng3 Bxg4 13. Ng6 fxg6 14. hxg4 Qh4 15. Qc2 Qxg4 16. Bf3 Qxd4 17. Qxg6+ Ke7 18. Bg4 N5f6 19. Bh3 Qe5 20. Rd1 Re8 21. Be3 Kd8 22. Rac1 Bc5 23. Bxc5 Qxc5 24. Qxg7 Kc8 25. Bxe6 Qe7 26. Qxe7 Rxe7 27. Bxd7+ Nxd7 28. Rxc4 Rg8 29. Kh2 Ne5 30. Rh4 Ng4+ 31. Kg2 Rxe2 32. Rxg4 Rxg4 33. Kf3 Rxg3+ 34. Kxe2 Rg5 35. Rd6 Ra5 36. a3 Rb5 37. b4 h5 38. f4 a5 39. Rd4 Rd5 40. Rc4 Kd7 41. bxa5 Rxa5 42. Rc3 Ke6 43. Kf3 Kf5 44. Kg3 h4+ 45. Kf3 h3 46. Kg3 h2 47. Kxh2 Kxf4 48. Kg2 Ke4 49. Kf2 Kd4 50. Rh3 Re5 51. Rh7 b5 52. Rb7 Kc4 53. Ra7 c5 54. a4 b4 55. a5 Re6 56. a6 Kb5 57. Rc7 Rxa6 58. Ke3 Rd6 0-1

[Event "Fagernes op-A"]
[Site "Fagernes"]
[Date "2023.04.02"]
[Round "1"]
[White "Sorensen, Hampus"]
[Black "Mahitosh, Dey"]
[Result "1-0"]
[WhiteElo "2448"]
[BlackElo "2154"]
[PlyCount "113"]
[EventDate "2023.04.02"]
[EventType "swiss"]
[EventRounds "9"]
[EventCountry "NOR"]
[SourceTitle "CBM 213 Extra"]
[Source "ChessBase"]
[SourceDate "2023.05.31"]
[SourceVersion "1"]
[SourceVersionDate "2023.05.31"]
[SourceQuality "1"]

1. d4 d5 2. c4 e6 3. Nc3 Nf6 4. cxd5 exd5 5. Bg5 Be7 6. e3 0-0 7. Bd3 Nbd7 8. Qc2 c6 9. h3 Re8 10. Bf4 Nf8 11. Nf3 a5 12. 0-0 Bd6 13. Bxd6 Qxd6 14. a3 Ng6 15. Rab1 Bd7 16. b4 axb4 17. axb4 b6 18. Na4 Rab8 19. b5 Rec8 20. bxc6 Rxc6 21. Qb2 Ne4 22. Bb5 Rc7 23. Rfc1 Be6 24. Rxc7 Qxc7 25. Rc1 Qd8 26. Nc3 Nd6 27. Bd3 f6 28. Nd2 Ne7 29. Nb5 Nxb5 30. Qxb5 Qd7 31. Qxd7 Bxd7 32. Rc7 Bf5 33. Bxf5 Nxf5 34. Rd7 b5 35. Rxd5 Ne7 36. Rc5 b4 37. Nb3 Kf7 38. Rc7 Ke6 39. Nc5+ Kf7 40. d5 Rc8 41. Rxc8 Nxc8 42. Kf1 Ke7 43. e4 Kd6 44. Nd3 f5 45. f3 fxe4 46. fxe4 Nb6 47. Ke2 b3 48. Nb2 h5 49. Ke3 Ke5 50. g3 g6 51. Kd3 g5 52. Ke3 Nxd5+ 53. exd5 Kxd5 54. Nd3 Kc4 55. Ke4 Kb5 56. Kd5 Kb6 57. Nc5 1-0

[Event "Rilton Cup 50th"]
[Site "Stockholm"]
[Date "2023.01.02"]
[Round "6"]
[White "Mahitosh, Dey"]
[Black "Kukreja, Sankalp"]
[Result "1-0"]
[WhiteElo "2134"]
[BlackElo "2254"]
[PlyCount "63"]
[EventDate "2022.12.27"]
[EventType "swiss"]
[EventRounds "9"]
[EventCountry "SWE"]
[SourceTitle "CBM 212 Extra"]
[Source "ChessBase"]
[SourceDate "2023.03.31"]
[SourceVersion "1"]
[SourceVersionDate "2023.03.31"]
[SourceQuality "1"]

1. d4 d5 2. Nf3 Nf6 3. c3 e6 4. Bf4 Bd6 5. e3 0-0 6. Bg3 c5 7. Bd3 Nc6 8. Nbd2 b6 9. e4 dxe4 10. Nxe4 Nxe4 11. Bxe4 Bb7 12. dxc5 Bxc5 13. Qa4 Na5 14. Rd1 Qe7 15. Rd7 Qe8 16. Bxh7+ Kxh7 17. Qh4+ Kg8 18. Ng5 Be4 19. Qxe4 f5 20. Qh4 Qg6 21. Be5 Rf6 22. Bxf6 gxf6 23. Nh7 Rf8 24. Nxf8 Bxf8 25. 0-0 Nc6 26. Rd3 f4 27. Rh3 e5 28. Qh8+ Kf7 29. Qh7+ Qxh7 30. Rxh7+ Bg7 31. Rd1 Kg6 32. Rxg7+ 1-0

[Event "Rilton Cup 50th"]
[Site "Stockholm"]
[Date "2022.12.31"]
[Round "5"]
[White "Srinath, Rao SV"]
[Black "Mahitosh, Dey"]
[Result "1-0"]
[WhiteElo "2296"]
[BlackElo "2134"]
[PlyCount "55"]
[EventDate "2022.12.27"]
[EventType "swiss"]
[EventRounds "9"]
[EventCountry "SWE"]
[SourceTitle "CBM 212 Extra"]
[Source "ChessBase"]
[SourceDate "2023.03.31"]
[SourceVersion "1"]
[SourceVersionDate "2023.03.31"]
[SourceQuality "1"]

1. d4 d5 2. Bf4 Nf6 3. Nc3 e6 4. e3 a6 5. g4 h6 6. Bg2 c5 7. Qf3 Nc6 8. Nge2 b5 9. h4 b4 10. Na4 cxd4 11. exd4 Ne4 12. Qe3 Be7 13. Ng3 Nd6 14. Nh5 Nc4 15. Qd3 g6 16. Ng3 a5 17. b3 Na3 18. 0-0 Bf6 19. c4 Nxd4 20. Rad1 0-0 21. Bxh6 Re8 22. h5 g5 23. Bxg5 Bxg5 24. Qxd4 Bf6 25. Qf4 e5 26. Qf3 Qe7 27. Nb6 e4 28. Qe2 1-0